000
00366nam a22001577a 4500
003
MPLRDC
005
20220104151539.0
008
210129b ||||| |||| 00| 0 eng d
082
_a
293.24 LJZ
100
_a
李居璋
245
_a
现代八字实录
_c
260
_a
_b
翔盛出版社
_c
300
_b
平
650
_a
命书--八字
942
_c
BK
_o
293.24 LJZ
999
_c
52429
_d
52419